00687nam a2200169Ia 4500999001500000020001800015082001600033245011000049260005000159300001300209650005900222650004000281650005700321700001500378942000700393952011700400 c1426d1426 a0-660-13955-3 a325.71 ECO; 0aEconomic and social impacts of immigration: a research report prepared for the Economic Council of Canada aOttawabMinister of Supply and Servicesc1991 ax, 166p. aCanada - Emigration and immigration - Economic aspects aCanada - Emigration and immigration aCanada - Emigration and immigration - Social aspects aSwan, Neil cBK 00104070aNASSDOCbNASSDOCd2004-06-08i2008-12-30l0o325.71 ECO;p31294r2019-04-18 00:00:00w2019-04-18yBK